000 01530cam a22003854a 4500
001 12147894
003 OSt
005 20210927161413.0
008 000818s2001 iaua b 001 0 eng
010 _a 00064718
020 _a0072349832 (pbk. : alk. paper)
038 _akhadija
040 _aDLC
_cDLC
_dDLC
042 _apcc
050 0 0 _aTA345
_b.P35 2001
082 0 0 _a620.0015
_221
_bPAL
100 1 _aPalm, William J.
_q(William John),
_d1944
_982807
245 1 0 _aIntroduction to MATLAB 6 for engineers /
_cWilliam J. Palm III.
246 3 _aIntroduction to MATLAB six for engineers
246 3 _aMATLAB 6 for engineers
260 _aBoston :
_bMcGraw-Hill,
_cc2001.
300 _axix, 600 p. :
_bill. ;
_c24 cm.
490 1 _aBasic engineering series and tools
504 _aIncludes bibliographical references (p. 589) and indexes.
563 _aPB
630 0 0 _aMATLAB.
_93082
650 0 _aEngineering mathematics
_xData processing.
_9133
650 0 _aNumerical analysis
_xData processing.
_972
830 0 _aMcGraw-Hill best series for introductory engineering.
_982808
856 4 2 _3Publisher description
_uhttp://www.loc.gov/catdir/description/mh021/00064718.html
856 4 1 _3Table of contents
_uhttp://www.loc.gov/catdir/toc/mh021/00064718.html
906 _a7
_bcbc
_corignew
_d1
_eocip
_f20
_gy-gencatlg
942 _2ddc
_cBK
999 _c32385
_d32385